Tóny čaje

Hlavní autor: Piňos, Petr
Další autoři: Kořán, Jiří, 1962-
Jazyk: Čeština
Vydáno: Praha : Prána, p2000
Fyzický popis: 1 zvuková deska (74:02) : digital ; 12 cm + 1 leták (12 x 24 cm)
Zvukové nahrávky
Uloženo v:
LEADER 01367njm a2200349 a 4500
001 000796284
003 CZ BrMZK
005 20150318112813.0
007 sd fsngnnmmned
008 051107s2000 xr zz g f cze d
015 |a cnb000980847 
028 0 1 |a PN 0007-2911  |b Prána 
040 |a ABA001  |b cze  |d BOA001 
041 0 |g cze 
048 |b tb  |b wz  |b pz 
080 |a 783.083.4  |2 MRF 
100 1 |a Piňos, Petr  |7 xx0026378  |4 cmp  |4 arr  |4 prf 
245 1 0 |a Tóny čaje  |h [zvukový záznam] /  |c [hudba, aranžmá] Petr Piňos 
260 |a Praha :  |b Prána,  |c p2000 
300 |a 1 zvuková deska (74:02) :  |b digital ;  |c 12 cm +  |e 1 leták (12 x 24 cm) 
306 |a 011402 
500 |a Kompaktní deska 
500 |a Poznámka Ladislav Tichý 
505 0 0 |t Ranní šálek --  |t Doušek Cejlonu --  |t Balkánský vítr --  |t Rancho Amigo --  |t Jasmínová chvilka --  |t Vanilková chvilka --  |t Odpolední čajová párty --  |t Voda už vře... Darjeeling --  |t Čekám až zchladne noční Meduňka 
511 0 |a Petr Piňos, kytary, panova flétna; Jaroslav Kořán, Orloj snivců, perkuse 
655 4 |a relaxační hudba 
655 4 |a meditativní hudba 
700 1 |a Kořán, Jiří,  |d 1962-  |7 xx0119879  |4 prf 
910 |a BOA001  |b CD-0012.779 
990 |a AV 
991 |b 200511 
996 6 |b 261H014052  |c CD-0012.779  |l MZK  |r Sklad / do 24 hodin  |n 1  |w 000796284  |u 000010  |a 1  |e BOA001  |j MZK50  |s P